| 000 | 00357nam a2200145Ia 4500 | ||
|---|---|---|---|
| 008 | 230312s9999||||xx |||||||||||||| ||und|| | ||
| 020 | _a0-7645-7878-2 | ||
| 082 |
_a005.8 _bFUL-M |
||
| 100 | _aFuller;Laurie.Ulrich | ||
| 245 | 0 | _aMasterVisually | |
| 260 |
_bWiley Publisher _aIndian _c2005 |
||
| 546 | _aEng. | ||
| 650 |
_aComputer _vPROGRAMMING |
||
| 942 | _cBK | ||
| 999 |
_c6948 _d6948 |
||